| 000 | 00616nam a2200265 a 4500 | ||
|---|---|---|---|
| 003 | AR-BaBNM | ||
| 005 | 20251128205653.0 | ||
| 008 | 082120s2002 ||||||||||||||000 | spa|| | ||
| 020 | _a950-04-1420-1 | ||
| 040 | _cAR-BaBNM | ||
| 100 | 1 | _aTeitelboim, Volodia | |
| 245 | 0 | 0 | _aNeruda |
| 250 | _a1ª ed. | ||
| 260 |
_aBuenos Aires _bEmecé _c1994 |
||
| 300 | _a513 p. | ||
| 650 | 4 | _aBIOGRAFIAS | |
| 650 | 4 | _aLITERATURA LATINOAMERICANA | |
| 650 | 4 | _aESCRITORES | |
| 650 | 4 | _aVIDA LITERARIA | |
| 650 | 4 | _aPOESIA | |
| 650 | 4 | _aCRITICA LITERARIA | |
| 655 | _aBIOGRAFIAS | ||
| 942 | _cBK | ||
| 998 | _cMARTIN | ||
| 999 |
_c12334 _d12334 |
||